Seleções da OFC pelo Ranking da FIFA - Statistics

Estatísticas Gerais
  • Esse quiz foi jogado 64 vezes
  • A pontuação média é 7 de 11
Estatísticas das Respostas
Rank Inicial Seleção % Correto
85 N Nova Zelândia
100%
154 F Fiji
89%
161 V Vanuatu
79%
149 I Ilhas Salomão
74%
150 N Nova Caledônia
57%
190 S Samoa
57%
170 P Papua Nova Guiné
51%
199 T Tonga
49%
158 T Taiti
45%
184 S Samoa Americana
34%
187 I Ilhas Cook
21%
Nenhum quiz correspondente encontrado
Distribuição das Pontuações
Porcentagem de Pessoas com Cada Pontuação
Percentil de Números Respondidos
Sua Pontuação Histórica
Você não jogou esse quiz